[Event "SLO-chT2 (Women)"]
[Site "Bled"]
[Date "2001.11.18"]
[Round "2"]
[White "Kure, Natalija"]
[Black "Ahmatovic, Mirela"]
[Result "0-1"]
[WhiteElo "1530"]
[BlackElo "1744"]
[PlyCount "66"]
[EventDate "2001.11.18"]
[EventType "team"]
[EventRounds "5"]
[EventCountry "SLO"]
[SourceTitle "EXT 2003"]
[Source "ChessBase"]
[SourceDate "2002.11.25"]
[SourceVersion "1"]
[SourceVersionDate "2002.11.25"]
[SourceQuality "1"]

1. e4 c5 2. Bc4 e6 3. Nf3 d6 4. d3 Nf6 5. a3 Be7 6. Nc3 a6 7. 0-0 b5 8. Bb3 Bb7 9. h3 0-0 10. Be3 Nbd7 11. Nh2 d5 12. exd5 exd5 13. Bd2 Nb6 14. Ba2 d4 15. Ne2 c4 16. dxc4 bxc4 17. Ba5 Qd5 18. f3 Qxa5 19. Kh1 Nfd5 20. Qe1 Qc5 21. Qd2 Ne3 22. Rfc1 Rad8 23. Nf1 Bg5 24. Qb4 Qxb4 25. axb4 d3 26. cxd3 cxd3 27. Nc3 Nc2 28. Bb3 Nxa1 29. Rxa1 Rfe8 30. Rb1 d2 31. Nd1 Re1 32. Kg1 Be3+ 33. Ndxe3 Rxb1 0-1